[Event "AUTO-OPEN-4068"]
[Site "http://www.queenalice.com/game.php?id=1590982"]
[Date "2019.11.23"]
[Round "2"]
[White "jandamian"]
[Black "RJGF"]
[Result "1-0"]
[WhiteElo "2769"]
[BlackElo "2184"]

1. e4 e5 2. Nf3 Nc6 3. Bc4 Nf6 4. d4 exd4 5. O-O d6 6. Nxd4 Be7 7. Nc3 O-O 8.
Re1 Nxd4 9. Qxd4 c5 10. Qd3 a6 11. a4 Nd7 12. f4 Nb6 13. Ba2 Be6 14. Bxe6 fxe6
15. a5 Nd7 16. Qh3 e5 17. Nd5 Bf6 18. f5 b6 19. Qb3 Kh8 20. axb6 Rb8 21. Rxa6
Be7 22. Bd2 Re8 23. b7 Nf6 24. Rea1 Nxd5 25. Qxd5 Qd7 26. Ra8 Qb5 27. Rxb8 Rxb8
28. Ra8 Rf8 29. Qf7 1-0

[Event "AUTO-OPEN-4068"]
[Site "http://www.queenalice.com/game.php?id=1590983"]
[Date "2019.11.23"]
[Round "2"]
[White "RJGF"]
[Black "Pin"]
[Result "1/2-1/2"]
[WhiteElo "2201"]
[BlackElo "2006"]

1. e4 c5 2. Nf3 d6 3. c3 Nc6 4. Bc4 e6 5. d4 cxd4 6. cxd4 Nf6 7. d5 Ne5 8. Nxe5
dxe5 9. Bb5+ Bd7 10. Bxd7+ Qxd7 11. dxe6 Qxe6 12. Qa4+ Qd7 13. Qxd7+ Kxd7 14. f3
Bb4+ 15. Bd2 Bxd2+ 16. Nxd2 Rac8 17. Nb3 b6 18. Rd1+ Ke7 19. O-O Nd7 20. Rd2
Rhd8 21. Rfd1 g6 22. g3 Nf8 23. Kf2 Ne6 24. Rxd8 Rxd8 25. Rxd8 Kxd8 26. Ke3 Kc7
27. Nd2 Nd4 28. f4 f6 29. fxe5 fxe5 30. Nc4 Nc6 31. a3 b5 32. Nd2 Kd6 33. Kd3
Nd4 34. Kc3 a5 35. Nb3 Nxb3 36. Kxb3 Kc5 37. Kc3 b4+ 38. axb4+ axb4+ 39. Kd3 h6
40. h3 g5 41. g4 Kb5 42. b3 Kc5 43. Ke3 Kd6 44. Kd3 Kc5 45. Ke3 Kb5 46. Kd3
1/2-1/2

[Event "AUTO-OPEN-4068"]
[Site "http://www.queenalice.com/game.php?id=1590984"]
[Date "2019.11.23"]
[Round "2"]
[White "Pin"]
[Black "RJGF"]
[Result "0-1"]
[WhiteElo "2059"]
[BlackElo "2127"]

1. e4 e5 2. Nf3 Nc6 3. Bb5 a6 4. Ba4 Nf6 5. O-O d6 6. Re1 Be7 7. c3 b5 8. Bc2
O-O 9. d4 Bg4 10. Be3 Qd7 11. Qe2 Rfe8 12. Nbd2 Rad8 13. Nf1 exd4 14. cxd4 d5
15. e5 Ne4 16. Ng3 f5 17. h3 Bxf3 18. gxf3 Ng5 19. Kh2 f4 20. Bxf4 Qxh3+ 21. Kg1
Nxd4 0-1

[Event "AUTO-OPEN-4054"]
[Site "http://www.queenalice.com/game.php?id=1592335"]
[Date "2019.12.6"]
[Round "2"]
[White "Donidon"]
[Black "RJGF"]
[Result "0-1"]
[WhiteElo "2369"]
[BlackElo "2186"]

1. e4 e5 2. f4 exf4 3. Nf3 d5 4. exd5 Qxd5 5. d4 Bg4 6. Be2 Nc6 7. O-O O-O-O 8.
c4 Qh5 9. h3 Bxh3 10. gxh3 Qxh3 11. Bxf4 Qg4+ 12. Kf2 Qxf4 13. Qd2 Qxd2 14.
Nbxd2 Nxd4 15. Nxd4 Rxd4 0-1

[Event "AUTO-OPEN-4054"]
[Site "http://www.queenalice.com/game.php?id=1592336"]
[Date "2019.12.6"]
[Round "2"]
[White "RJGF"]
[Black "Donidon"]
[Result "1-0"]
[WhiteElo "2167"]
[BlackElo "2388"]

1. d4 Nf6 2. c4 g6 3. Nc3 Bg7 4. e4 d6 5. Nf3 O-O 6. Be2 Nc6 7. O-O e5 8. dxe5
dxe5 9. Qxd8 Rxd8 10. Bg5 Rf8 11. Bxf6 Bxf6 12. Nd5 Bd8 13. a3 Be6 14. Rad1 f6
15. Rd2 Bg4 16. h3 Be6 17. Rfd1 a5 18. c5 1-0

[Event "AUTO-MASTER-2856"]
[Site "http://www.queenalice.com/game.php?id=1592734"]
[Date "2019.12.11"]
[Round "2"]
[White "RJGF"]
[Black "CCapivara"]
[Result "1-0"]
[WhiteElo "2203"]
[BlackElo "2186"]

1. d4 d6 2. e4 Nf6 3. Nc3 c6 4. Nf3 Bg4 5. h3 Bh5 6. Be2 Nbd7 7. O-O e5 8. dxe5
dxe5 9. a3 Be7 10. Bg5 O-O 11. g4 Bg6 12. Bd3 h5 13. Bxf6 Bxf6 14. Nh2 hxg4 15.
Qxg4 Nc5 16. Rad1 Qe7 17. b4 Ne6 18. Bc4 Nd4 19. Nb1 Rad8 20. Qxg6 Ne6 21. Qg4
Nf4 22. Rxd8 Rxd8 23. Nf3 g6 24. Nc3 Kg7 25. Rd1 Rh8 26. Rd7 Nxh3+ 27. Kf1 Qe8
28. Bxf7 1-0

[Event "AUTO-MASTER-2856"]
[Site "http://www.queenalice.com/game.php?id=1592735"]
[Date "2019.12.11"]
[Round "2"]
[White "CCapivara"]
[Black "RJGF"]
[Result "0-1"]
[WhiteElo "2223"]
[BlackElo "2153"]

1. e4 e5 2. f4 exf4 3. Nf3 Nc6 4. Bc4 g5 5. O-O g4 6. d4 gxf3 7. Qxf3 Nxd4 8.
Bxf7+ Kxf7 9. Qxf4+ Qf6 10. Qe3 Qxf1+ 11. Kxf1 Bc5 12. Nc3 Nf6 13. Nd5 Nxd5 14.
exd5 Rf8 15. Qc3 Kg8+ 16. Ke1 Bb4 0-1

[Event "AUTO-OPEN-4054"]
[Site "http://www.queenalice.com/game.php?id=1596056"]
[Date "2020.1.11"]
[Round "3"]
[White "Poison"]
[Black "RJGF"]
[Result "1-0"]
[WhiteElo "2743"]
[BlackElo "2185"]

1. e4 e5 2. Nf3 Nc6 3. Bc4 d6 4. c3 Bg4 5. Qb3 Qd7 6. Qxb7 Rb8 7. Qa6 Rb6 8. Qa4
Bxf3 9. gxf3 Qh3 10. d3 Nf6 11. Be3 Qxf3 12. Rg1 Ng4 13. Nd2 Qf6 14. Bxb6 d5 15.
Bxd5 cxb6 16. Bxc6+ Kd8 17. Rxg4 Bc5 18. d4 exd4 19. cxd4 Bxd4 20. Nf3 Bc5 21.
Rd1+ Ke7 22. Qxa7+ 1-0

[Event "AUTO-OPEN-4054"]
[Site "http://www.queenalice.com/game.php?id=1596057"]
[Date "2020.1.11"]
[Round "3"]
[White "RJGF"]
[Black "Poison"]
[Result "0-1"]
[WhiteElo "2186"]
[BlackElo "2740"]

1. d4 Nf6 2. c4 e6 3. Nc3 Bb4 4. Nf3 b6 5. Bg5 Bb7 6. a3 Bxc3+ 7. bxc3 h6 8. Bd2
Nc6 9. Qc2 Na5 10. e3 c5 11. Bd3 Ba6 12. Qa4 O-O 13. Rb1 Rc8 14. O-O Qe8 15. d5
exd5 16. cxd5 Bxd3 0-1

[Event "AUTO-ADV-4191"]
[Site "http://www.queenalice.com/game.php?id=1609897"]
[Date "2020.4.29"]
[Round "2"]
[White "Shizumaru_Hisame"]
[Black "RJGF"]
[Result "0-1"]
[WhiteElo "1787"]
[BlackElo "2185"]

1. e4 d6 2. d4 Nf6 3. Bd3 g6 4. f4 Bg7 5. c4 O-O 6. h3 Nbd7 7. b4 c5 8. e5 Ne8
9. bxc5 dxe5 10. fxe5 e6 11. Nf3 f6 12. Bb2 fxe5 13. Be4 exd4 14. Bxd4 Bxd4 15.
Qxd4 Qa5+ 16. Nc3 Nxc5 17. Bc2 Qc7 18. O-O Nd6 19. Ng5 Nf5 20. Qd2 Rd8 21. Qf2
Qg3 22. Qxg3 Nxg3 23. Rf2 Rf8 24. Rxf8+ Kxf8 25. Nxh7+ Kg7 26. Ng5 e5 27. Rd1
Bf5 28. Bb1 Re8 29. Nf3 Bxb1 30. Nxb1 e4 31. Nd4 Rd8 32. Kf2 e3+ 33. Kxe3 Kf7
34. Nc3 Ne6 35. Ndb5 Nf5+ 36. Ke4 Nc5+ 37. Kf4 Nd3+ 38. Kg5 Ne3 39. Rb1 Nc5 40.
Nxa7 Ne6+ 41. Kh4 Nf5+ 42. Kg4 Rd4+ 43. Kf3 Rd3+ 44. Ke2 Rxc3 45. Rxb7+ Kf6 46.
a4 Rxc4 47. a5 Rc2+ 48. Kf1 Ne3+ 49. Ke1 Nf4 50. Rb6+ Kg7 51. g4 Re2# 0-1

[Event "AUTO-ADV-4191"]
[Site "http://www.queenalice.com/game.php?id=1609898"]
[Date "2020.4.29"]
[Round "2"]
[White "RJGF"]
[Black "Shizumaru_Hisame"]
[Result "1-0"]
[WhiteElo "2186"]
[BlackElo "1773"]

1. e4 e6 2. d4 b6 3. Nf3 Bb7 4. Bd3 Na6 5. a3 Be7 6. O-O d5 7. e5 f6 8. Qe2 Qc8
9. Re1 c6 10. exf6 gxf6 11. Qxe6 Qxe6 12. Rxe6 c5 13. Bf4 Kf7 14. Bf5 Bc8 15.
Rxe7+ Nxe7 16. Bxc8 Raxc8 17. Nc3 cxd4 18. Nxd4 Nc5 19. Re1 Rhd8 20. Ndb5 a6 21.
Nd6+ Kg6 22. Nxc8 Nxc8 23. h4 d4 24. Ne4 Re8 25. Kf1 Rxe4 26. Rxe4 Nxe4 27. b4
b5 28. g4 f5 29. h5+ Kf6 30. f3 Nc3 31. g5+ Ke6 32. Ke1 Nb1 33. Bc1 Ne7 34. Ke2
Nc3+ 35. Kd3 Ke5 36. f4+ Kd5 37. Bb2 Ne4 38. Bxd4 Nd6 39. Bc5 Ng8 40. Bxd6 Kxd6
41. c4 Ne7 42. cxb5 axb5 43. g6 h6 44. g7 Kd5 45. Kc3 Ke4 46. a4 bxa4 47. b5 a3
48. b6 a2 49. Kb2 a1=Q+ 50. Kxa1 Kxf4 51. b7 Kg3 52. b8=Q+ f4 53. Qd6 Nf5 54.
g8=Q+ 1-0

[Event "AUTO-ADV-4191"]
[Site "http://www.queenalice.com/game.php?id=1609899"]
[Date "2020.4.29"]
[Round "2"]
[White "mvson33"]
[Black "RJGF"]
[Result "0-1"]
[WhiteElo "1746"]
[BlackElo "2184"]

1. e4 d6 2. d4 Nf6 3. Nc3 g6 4. Nf3 Bg7 5. Bc4 O-O 6. O-O a6 7. Bg5 b5 8. Bb3 c5
9. dxc5 dxc5 10. a3 Bg4 11. h3 Bd7 12. Qe2 Nc6 13. Rad1 Qc7 14. Qd2 Rfd8 15. Qe3
c4 16. Ba2 Ne5 17. Nxe5 Qxe5 18. Bf4 Qe6 19. Bh6 Bc6 20. Rfe1 Rd7 21. Nd5 Nxd5
22. exd5 Qxe3 23. Rxe3 Bxh6 24. Re5 Rad8 25. Rde1 Rxd5 26. Rxe7 Bf4 27. Ra7 Re8
0-1

[Event "AUTO-ADV-4191"]
[Site "http://www.queenalice.com/game.php?id=1609900"]
[Date "2020.4.29"]
[Round "2"]
[White "RJGF"]
[Black "mvson33"]
[Result "1-0"]
[WhiteElo "2183"]
[BlackElo "1827"]

1. e4 e5 2. Nf3 Nc6 3. d4 exd4 4. Bc4 Be7 5. Nxd4 Nf6 6. Nxc6 dxc6 7. Qf3 O-O 8.
h3 Bd7 9. Nc3 Qc8 10. e5 Nd5 11. Nxd5 cxd5 12. Bxd5 c6 13. Bb3 Qc7 14. Bf4 Qb6
15. O-O Rad8 16. Rad1 Bf5 17. Be3 Qc7 18. Qxf5 Rxd1 19. Rxd1 1-0

[Event "Challenge"]
[Site "http://www.queenalice.com/game.php?id=1613224"]
[Date "2020.5.22"]
[Round "-"]
[White "RJGF"]
[Black "Lintz"]
[Result "1-0"]
[WhiteElo "2187"]
[BlackElo "1855"]

1. e4 e6 2. Nc3 c6 3. d4 d5 4. e5 g6 5. Nf3 h6 6. Bd3 Bg7 7. O-O Ne7 8. Be3 Nf5
9. Re1 Nxe3 10. Rxe3 Nd7 11. Qe2 Qe7 12. a3 a5 13. Nd1 b6 14. Rc1 h5 15. c4 Bh6
16. cxd5 cxd5 17. Bb5 Bxe3 18. Qxe3 O-O 19. Qh6 Rd8 20. Bxd7 Qf8 21. Qxf8+ Kxf8
22. Bb5 Bd7 23. Bxd7 Rxd7 24. Rc6 b5 25. Rb6 b4 26. axb4 axb4 27. Kf1 Ra1 28.
Ke2 Rc7 29. Rxb4 Rc2+ 30. Nd2 Rc8 31. Nb3 Raa8 32. Nc5 Rc7 33. Rb6 Re7 34. h4
Rea7 35. Nc3 Kg7 36. b4 Ra3 37. Kd2 Ra1 38. Rb7 R1a7 39. Nxe6+ Kh6 40. Rxa7 Rxa7
41. Nf4 1-0

[Event "AUTO-OPEN-4211"]
[Site "http://www.queenalice.com/game.php?id=1626592"]
[Date "2020.9.11"]
[Round "1"]
[White "Magogue"]
[Black "RJGF"]
[Result "0-1"]
[WhiteElo "1587"]
[BlackElo "2196"]

1. e4 e5 2. f4 exf4 3. Bc4 Qh4+ 4. Kf1 Bc5 5. d4 Bb6 6. Nf3 Qh6 7. Nc3 d6 8. Nd5
g5 9. Nxg5 Qxg5 10. Bxf4 Qg7 11. c3 Nf6 12. Nxf6+ Qxf6 13. Qf3 Nc6 14. Ke1 Rg8
15. h3 Ne7 16. e5 dxe5 17. dxe5 Qg6 18. Bd3 Qxg2 19. Qxg2 Rxg2 20. b4 Ng6 21.
Bxg6 fxg6 22. a4 c6 23. Rd1 Be6 24. a5 Bc7 25. Rd2 Rxd2 26. Kxd2 Rd8+ 27. Kc1
Rd3 28. Kc2 Bf5 29. Kb2 Rf3 0-1

[Event "AUTO-OPEN-4211"]
[Site "http://www.queenalice.com/game.php?id=1626593"]
[Date "2020.9.11"]
[Round "1"]
[White "RJGF"]
[Black "Magogue"]
[Result "1-0"]
[WhiteElo "2195"]
[BlackElo "1589"]

1. e4 e5 2. Nf3 Nc6 3. d4 exd4 4. Bc4 Be7 5. Nxd4 Ne5 6. Bb3 Nf6 7. Nc3 h6 8. f4
Nc6 9. e5 Ne4 10. Nxe4 Nxd4 11. Qxd4 O-O 12. Be3 b6 13. O-O-O a5 14. f5 c5 15.
Qd5 Ra7 16. Rhf1 Qc7 17. f6 1-0

[Event "AUTO-OPEN-4211"]
[Site "http://www.queenalice.com/game.php?id=1626614"]
[Date "2020.9.11"]
[Round "1"]
[White "bonow"]
[Black "RJGF"]
[Result "1-0"]
[WhiteElo "2163"]
[BlackElo "2200"]

1. e4 d6 2. d4 Nf6 3. Nc3 g6 4. Nf3 Bg7 5. Be2 O-O 6. O-O a6 7. Be3 Nbd7 8. Qd2
e5 9. Bh6 exd4 10. Nxd4 Nc5 11. Bxg7 Kxg7 12. Bf3 Re8 13. Rfe1 Bd7 14. Rad1 h6
15. a3 Qe7 16. b4 Qe5 17. bxc5 Rad8 18. cxd6 Rc8 19. dxc7 Kh7 20. Re3 Rxc7 21.
Nd5 Rc4 22. Be2 Rc5 23. Nf3 Qd6 24. Nxf6+ Qxf6 25. Qxd7 Re7 26. Qd8 Rxc2 27. e5
1-0

[Event "AUTO-OPEN-4211"]
[Site "http://www.queenalice.com/game.php?id=1626615"]
[Date "2020.9.11"]
[Round "1"]
[White "RJGF"]
[Black "bonow"]
[Result "0-1"]
[WhiteElo "2187"]
[BlackElo "2177"]

1. d4 d5 2. c4 c6 3. Nc3 e6 4. cxd5 cxd5 5. Nf3 Nf6 6. e3 Nc6 7. Bb5 Bd7 8. O-O
Bd6 9. a3 O-O 10. Re1 a6 11. Bd3 e5 12. dxe5 Nxe5 13. Nxe5 Bxe5 14. Bd2 Qb6 15.
a4 Rac8 16. Rb1 Rfe8 17. h3 Be6 18. a5 Qxa5 19. e4 dxe4 20. Nxe4 Qd5 21. Bc2
Red8 22. Nc3 Qd6 23. Bc1 Bh2+ 24. Kh1 Qc6 25. Qe2 Bb8 26. Bg5 Bc4 27. Qe3 Re8
28. Qc1 Qd6 29. f4 h6 30. Bxf6 Qxf6 31. g3 Qc6+ 32. Be4 Qd7 33. Qc2 Qxh3+ 34.
Qh2 Qxh2+ 35. Kxh2 b6 36. Rbd1 Bb3 37. Rd4 Bc7 38. Bf5 Rcd8 39. Rxd8 Rxd8 40.
Ne4 g6 41. Bh3 f5 42. Nf6+ Kf7 43. Nh7 Rd2+ 44. Kg1 Bd6 45. Rc1 Rc2 46. Rd1 Rg2+
47. Kxg2 Bxd1 48. g4 fxg4 0-1

[Event "AUTO-OPEN-4211"]
[Site "http://www.queenalice.com/game.php?id=1626626"]
[Date "2020.9.11"]
[Round "1"]
[White "Alexandrovinsk"]
[Black "RJGF"]
[Result "1-0"]
[WhiteElo "2155"]
[BlackElo "2208"]

1. d4 d6 2. c4 Nf6 3. Nc3 g6 4. Bf4 Bg7 5. Nf3 O-O 6. h3 a6 7. e4 Nbd7 8. Be2
Re8 9. O-O e5 10. Be3 exd4 11. Nxd4 Nxe4 12. Nxe4 Rxe4 13. Bf3 Rh4 14. Qd2 c5
15. Ne2 Ne5 16. Bg5 Bf6 17. Bxh4 Bxh4 18. Bd5 Bf5 19. f4 Nc6 20. Bxc6 bxc6 21.
g3 Bxh3 22. gxh4 Qf6 23. Rf3 Bd7 24. Kf2 Qxh4+ 25. Kg2 d5 26. cxd5 Re8 27. Rh1
Qd8 28. d6 Bf5 29. Nc3 Qf6 30. Re1 Rf8 31. d7 Rd8 32. Ne4 Qh4 33. Nxc5 Be6 34.
Nxe6 fxe6 35. Re5 Kf7 36. Qd6 Qg4+ 37. Rg3 1-0

[Event "AUTO-OPEN-4211"]
[Site "http://www.queenalice.com/game.php?id=1626627"]
[Date "2020.9.11"]
[Round "1"]
[White "RJGF"]
[Black "Alexandrovinsk"]
[Result "1-0"]
[WhiteElo "2197"]
[BlackElo "2163"]

1. d4 Nf6 2. c4 d6 3. Nc3 g6 4. e4 Bg7 5. Nf3 O-O 6. Bd3 Bg4 7. h3 Bxf3 8. Qxf3
Nc6 9. Be3 e5 10. d5 Ne7 11. O-O b6 12. Rac1 Nd7 13. b4 a5 14. a3 axb4 15. axb4
f5 16. Qd1 fxe4 17. Nxe4 Nf5 18. Bg5 Qe8 19. Re1 Nd4 20. c5 bxc5 21. bxc5 dxc5
22. Nxc5 Nxc5 23. Rxc5 Qf7 24. Be3 Kh8 25. Qg4 Ra2 26. Rec1 Ra7 27. Qd1 Rd8 28.
Be4 Rd6 29. R5c4 Nf5 30. Bxa7 1-0